| 000 | 00410cam a2200169ua 4500 | ||
|---|---|---|---|
| 020 | _c3.50 | ||
| 041 |
_amal _h |
||
| 082 |
_a181.4 _bRAD/BH |
||
| 100 | _aRadhakrishnan, S . | ||
| 245 |
_aBharathathinte Antaratmavu / _cS Radhakrishnan. _hTextual Documents |
||
| 260 |
_aCalicut : _bP.K Brothers , _c1959. |
||
| 300 | _a239 ; . | ||
| 365 | _a3.50 | ||
| 504 | _a | ||
| 942 | _cBK | ||
| 999 |
_c5164 _d5164 |
||